000 00236nam a2200097Ia 4500
005 20250424112921.0
008 250424s9999 xx 000 0 und d
300 _a203 p. ; 23 cm.
650 _aPhilology, Modern--Periodicals.
942 _cSR
999 _c37863
_d37863